Οι απόψεις των αποφοίτων του Παιδαγωγικού Τμήματος Νηπιαγωγών του Πανεπιστημίου Δυτικής Μακεδονίας σε θέματα φύλου και κοινωνικού κύρους του επαγγέλματός τους : διπλωματική εργασία [μεταπτυχιακή εργασία]

Αποθηκεύτηκε σε:
Λεπτομέρειες βιβλιογραφικής εγγραφής
Κύριος συγγραφέας: Δοδοντσή, Μαριλένα
Συγγραφή απο Οργανισμό/Αρχή: Πανεπιστήμιο Αιγαίου Σχολή Ανθρωπιστικών Επιστημών Τμήμα Επιστημών της Προσχολικής Αγωγής και του Εκπαιδευτικού Σχεδιασμού Πρόγραμμα Μεταπτυχιακών Σπουδών Φύλο και Νέα Εκπαιδευτικά και Εργασιακά Περιβάλλοντα στην Κοινωνία της Πληροφορίας
Άλλοι συγγραφείς: Γουβιάς, Διονύσης Σ. (Εισηγητής διατριβής)
Μορφή: Thesis Βιβλίο
Γλώσσα:Greek
Δημοσίευση: 2011
Θέματα:
Διαθέσιμο Online:http://hdl.handle.net/11610/13903
Ετικέτες: Προσθήκη ετικέτας
Δεν υπάρχουν, Καταχωρήστε ετικέτα πρώτοι!

MARC

LEADER 00000cam a2200000 i 4500
001 1/23732
008 121029s2011 gre d
035 |l 10113298 
040 |a GR-MY-UA  |b gre  |e aacr 
041 0 |a gre 
082 0 |a 331.114  |2 (22) 
100 1 |a Δοδοντσή, Μαριλένα. 
245 1 3 |a Οι απόψεις των αποφοίτων του Παιδαγωγικού Τμήματος Νηπιαγωγών του Πανεπιστημίου Δυτικής Μακεδονίας σε θέματα φύλου και κοινωνικού κύρους του επαγγέλματός τους :  |b διπλωματική εργασία [μεταπτυχιακή εργασία] /  |c Μαριλένα Δοδοντσή ; επιβλέπων: Διονύσιος Γουβιάς 
260 |c 2011 
300 |a 187 σ.;  |c 30 εκ. 
500 |a Μέλη εξεταστικής επιτροπής: Πέρσα Φώκιαλη, Μαρία Γκασούκα 
502 |a Διατριβή (μεταπτυχιακή) – Πανεπιστήμιο Αιγαίου, Ρόδος, 2011. 
504 |a Βιβλιογραφία: σ. 57-60 
650 0 0 |a College graduates  |x Employment  |z Greece. 
650 0 0 |a Labor supply  |x Effect of education on. 
650 0 0 |a Gender identity. 
650 0 0 |a Dissertations, Academic  |z Greece. 
700 1 |4 ths  |a Γουβιάς, Διονύσης Σ. 
710 1 |a Πανεπιστήμιο Αιγαίου   |b Σχολή Ανθρωπιστικών Επιστημών   |b Τμήμα Επιστημών της Προσχολικής Αγωγής και του Εκπαιδευτικού Σχεδιασμού   |b Πρόγραμμα Μεταπτυχιακών Σπουδών Φύλο και Νέα Εκπαιδευτικά και Εργασιακά Περιβάλλοντα στην Κοινωνία της Πληροφορίας. 
852 |a INST  |b RHODES  |c DIATR  |e 20121029  |h 331.114 ΔΟΔ  |p 005400034673  |q 005400034673  |t MTXE  |y 23 
852 |a INST  |b RHODES  |c DIATR  |e 20121029  |h 331.114 ΔΟΔ  |p 005400034674  |q 005400034674  |t MTXE  |y 23 
856 |u http://hdl.handle.net/11610/13903 
901 |a BIBL4-2012-3 
909 |a Ρ  |b 176248 
909 |a Ρ  |b 176249 
924 |a ΔΟΔΟΝΤΣΗ  |b ΜΑΡΙΛΕΝΑ  |y ΡΟΔΟΣ  |z 2011 
970 |z 2012/10/29